How To Help Your Child Focus And Concentrate (Record no. 95322)

MARC details
000 -LEADER
fixed length control field 00486nam a2200193Ia 4500
008 - FIXED-LENGTH DATA ELEMENTS--GENERAL INFORMATION
fixed length control field 230125s9999 xx 000 0 und d
020 ## - INTERNATIONAL STANDARD BOOK NUMBER
International Standard Book Number 978-1-948147-45-3
041 ## - LANGUAGE CODE
Language code of text/sound track or separate title eng
082 ## - DEWEY DECIMAL CLASSIFICATION NUMBER
Classification number 306.874
Item number DUT
100 ## - MAIN ENTRY--PERSONAL NAME
Personal name Dutt M
9 (RLIN) 117494
245 ## - TITLE STATEMENT
Title How To Help Your Child Focus And Concentrate
260 ## - PUBLICATION, DISTRIBUTION, ETC. (IMPRINT)
Date of publication, distribution, etc. 2017
Name of publisher, distributor, etc. Notion Press.
Place of publication, distribution, etc. Chennai
300 ## - PHYSICAL DESCRIPTION
Extent 86p
Dimensions Paper Back
440 ## - SERIES STATEMENT/ADDED ENTRY--TITLE
Volume/sequential designation 1
650 ## - SUBJECT ADDED ENTRY--TOPICAL TERM
Topical term or geographic name as entry element General
700 ## - ADDED ENTRY--PERSONAL NAME
Personal name Dutt M
9 (RLIN) 117494
906 ## - LOCAL DATA ELEMENT F, LDF (RLIN)
b 27
Holdings
Withdrawn status Lost status Damaged status Not for loan Home library Current library Date acquired Vendor Cost, normal purchase price Bill number Total Checkouts Full call number Barcode Date last seen Cost, replacement price Bill Date Koha item type Original Barcode
        Smt. Hiraben Nanavati Institute of Management & Research for Women Smt. Hiraben Nanavati Institute of Management & Research for Women 12/02/2019 Pritam Book Centre 150.00 10765   306.874 DUT B18165 HIMR-BK-18165 25/01/2023 123.00 11/02/2019 Books B18165